| 000 | 00353nam a22001457a 4500 | ||
|---|---|---|---|
| 003 | OSt | ||
| 005 | 20160727222401.0 | ||
| 008 | 160623b xxu||||| |||| 00| 0 eng d | ||
| 040 | _cTEST | ||
| 100 |
_9710 _aBauer, G.L |
||
| 245 | _aOur Hopes Our Dreams | ||
| 260 |
_aColoroda _bFocus on the family _c1996 |
||
| 300 | _aOur Hopes Our Dreams | ||
| 942 |
_2ddc _cBK |
||
| 999 |
_c576 _d576 |
||